[Event "Beijing CHN-CIS m"]
[Site "CHN"]
[Date "1991.??.??"]
[EventDate "1991.??.??"]
[Round "?"]
[Result "1/2-1/2"]
[White "Xu Jun"]
[Black "Valery A Chekhov"]
[WhiteElo "2535"]
[BlackElo "2525"]
[PlyCount "63"]

1. c4 c5 2. Nf3 g6 3. d4 Bg7 4. d5 Nf6 5. Nc3 O-O 6. e4 d6
7. h3 e6 8. Bd3 exd5 9. cxd5 a6 10. a4 Re8 11. O-O Nbd7
12. Re1 Nh5 13. Bg5 Bf6 14. Bh6 Bg7 15. Bg5 Bf6 16. Be3 Ne5
17. Be2 Nxf3+ 18. Bxf3 Ng7 19. a5 Rb8 20. Na4 Bd7 21. Qd2 Bxa4
22. Rxa4 Qd7 23. Rc4 Qb5 24. Rc2 b6 25. Ra1 bxa5 26. Rxa5 Qb6
27. Ra2 a5 28. Bf4 Ra8 29. Rc4 Reb8 30. Rca4 Ne8 31. Rxa5 Rxa5
32. Qxa5 1/2-1/2

[Event "Beijing CHN-CIS m"]
[Site "CHN"]
[Date "1991.??.??"]
[EventDate "1991.??.??"]
[Round "?"]
[Result "1-0"]
[White "Xu Jun"]
[Black "Valery A Chekhov"]
[WhiteElo "2535"]
[BlackElo "2525"]
[PlyCount "95"]

1. c4 e5 2. g3 c6 3. d4 d6 4. Nc3 Nd7 5. Bg2 Ngf6 6. e4 Be7
7. Nge2 O-O 8. O-O Re8 9. b3 a6 10. a4 a5 11. h3 exd4 12. Nxd4
Nc5 13. Qc2 Bf8 14. Bf4 g6 15. Rad1 Qb6 16. Rfe1 Nfd7 17. Kh1
Ne5 18. Be3 Bg7 19. f4 Ned7 20. Bf2 Nb8 21. e5 dxe5 22. fxe5
Nba6 23. e6 Bxe6 24. Nxe6 Rxe6 25. Rxe6 fxe6 26. Ne4 Qb4
27. h4 Rf8 28. Bg1 e5 29. h5 Qxb3 30. Qxb3 Nxb3 31. Rb1 Nd4
32. Rxb7 Rf7 33. Rb6 Nb4 34. Bh3 Rf8 35. Rb7 gxh5 36. Ra7 h4
37. gxh4 h6 38. Rxa5 Rf4 39. Ra8+ Kh7 40. Ng3 Rxh4 41. Kg2 Nd3
42. Bd7 h5 43. a5 Rf4 44. Bxd4 Ne1+ 45. Kh3 exd4 46. Re8 h4
47. Bf5+ Kh6 48. Re6+ 1-0

[Event "Beijing op"]
[Site "CHN"]
[Date "1991.??.??"]
[EventDate "1991.??.??"]
[Round "3"]
[Result "1-0"]
[White "Anatoly Bykhovsky"]
[Black "Xu Jun"]
[WhiteElo "2490"]
[BlackElo "2530"]
[PlyCount "79"]

1. d4 Nf6 2. c4 e6 3. Nc3 Bb4 4. Qc2 c5 5. dxc5 Bxc5 6. Nf3
Qb6 7. e3 a6 8. Be2 Be7 9. b3 Qc7 10. Bb2 d6 11. g4 h6 12. Rg1
b6 13. h4 Nc6 14. g5 hxg5 15. hxg5 Nd7 16. Nd5 exd5 17. cxd5
Nde5 18. dxc6 Qxc6 19. Qxc6+ Nxc6 20. Bxg7 Rg8 21. Bc3 Bb7
22. O-O-O Rc8 23. Kb2 b5 24. b4 Nd8 25. Nd4 Ne6 26. f4 Nxd4
27. Bxd4 Be4 28. Rc1 Rxc1 29. Rxc1 Kd7 30. Bg4+ f5 31. Bd1 Bd5
32. Bb3 Bxb3 33. Kxb3 Bd8 34. Rh1 a5 35. bxa5 Bxa5 36. Rh7+
Kc6 37. Rf7 Bb6 38. Rxf5 Bxd4 39. exd4 Re8 40. g6 1-0

[Event "Penang ASI chT"]
[Site "MAS"]
[Date "1991.??.??"]
[EventDate "1991.10.??"]
[Round "2"]
[Result "1-0"]
[White "Xu Jun"]
[Black "Guy West"]
[WhiteElo "2535"]
[BlackElo "2405"]
[PlyCount "85"]

1. d4 d6 2. e4 Nf6 3. Bd3 g6 4. Nf3 Bg7 5. O-O O-O 6. c3 c6
7. Bg5 Qc7 8. Nbd2 e5 9. a4 Nbd7 10. Re1 Re8 11. Bh4 Nh5
12. Nc4 Nf8 13. Bf1 Bg4 14. dxe5 Bxe5 15. Be2 Nf4 16. h3 Nxe2+
17. Qxe2 Be6 18. Nfxe5 dxe5 19. Red1 f6 20. f3 Bxc4 21. Qxc4+
Qf7 22. Qb4 Rad8 23. Bf2 a6 24. a5 Ne6 25. Bb6 Rxd1+ 26. Rxd1
Re7 27. Qd6 Kg7 28. Rd2 h5 29. h4 Qe8 30. Kf2 Kf7 31. Ke1 Qh8
32. Kd1 Qh6 33. g3 g5 34. Be3 Qg7 35. hxg5 fxg5 36. Kc2 Qf6
37. Qd3 Nf8 38. Rh2 Kg6 39. f4 exf4 40. gxf4 Rd7 41. Qe2 gxf4
42. Qxh5+ Kg7 43. Bc5 1-0

[Event "Penang ASI chT"]
[Site "MAS"]
[Date "1991.??.??"]
[EventDate "1991.10.??"]
[Round "3"]
[Result "0-1"]
[White "Utut Adianto"]
[Black "Xu Jun"]
[WhiteElo "2485"]
[BlackElo "2535"]
[PlyCount "82"]

1. d4 Nf6 2. c4 e6 3. Nf3 b6 4. g3 Bb7 5. Bg2 Be7 6. Nc3 Ne4
7. Bd2 Bf6 8. O-O c5 9. Rc1 O-O 10. d5 exd5 11. cxd5 Nxc3
12. Bxc3 d6 13. Nd2 Bxc3 14. Rxc3 b5 15. f4 Nd7 16. g4 c4
17. g5 Nc5 18. b4 cxb3 19. axb3 b4 20. Rh3 a5 21. Ne4 Nxe4
22. Bxe4 g6 23. Qd4 Qe7 24. Re3 Rfe8 25. Qb6 Rac8 26. Rff3 Qc7
27. Qb5 Kg7 28. Kg2 Ba8 29. f5 Re5 30. f6+ Kf8 31. Kf2 Rxg5
32. Rh3 h5 33. Bf3 Qa7 34. Rh4 Rf5 35. Rhe4 Rxf6 36. Kg2 Kg7
37. Re7 Qd4 38. Qd7 Rf8 39. Re8 Bxd5 40. Qd8 Bxf3+ 41. exf3
Qd2+ 0-1

[Event "Beijing it"]
[Site "CHN"]
[Date "1992.??.??"]
[EventDate "1992.??.??"]
[Round "6"]
[Result "1-0"]
[White "Xu Jun"]
[Black "Utut Adianto"]
[WhiteElo "2540"]
[BlackElo "2475"]
[PlyCount "87"]

1. c4 Nf6 2. Nc3 c5 3. Nf3 e6 4. d4 cxd4 5. Nxd4 Bb4 6. Ndb5
d5 7. a3 Bxc3+ 8. Nxc3 d4 9. Na4 O-O 10. b4 e5 11. Bb2 Nc6
12. g3 Be6 13. Rc1 Bxc4 14. Rxc4 Qd5 15. Rxc6 Qxc6 16. f3 Nd5
17. e4 dxe3 18. Bd3 Rfd8 19. Ke2 Nf6 20. Nc5 a5 21. Qb3 axb4
22. axb4 Qd5 23. Qc2 b6 24. Ne4 Rac8 25. Qb1 Nxe4 26. fxe4 Qd6
27. b5 f5 28. Rd1 Qh6 29. Bxe5 Qe6 30. Bf4 fxe4 31. Bxe4 Rxd1
32. Kxd1 Rc3 33. Ke2 Rb3 34. Qc2 Rxb5 35. Bxh7+ Kh8 36. Bd3
Rc5 37. Qb1 Qg4+ 38. Kxe3 g5 39. Qa1+ Kg8 40. Qa2+ Kg7
41. Qb2+ Kf7 42. Qa2+ Kf6 43. Bd6 Rc6 44. Qa1+ 1-0

[Event "Beijing it"]
[Site "CHN"]
[Date "1992.??.??"]
[EventDate "1992.??.??"]
[Round "7"]
[Result "0-1"]
[White "Rogelio Barcenilla"]
[Black "Xu Jun"]
[WhiteElo "2475"]
[BlackElo "2540"]
[PlyCount "56"]

1. e4 c5 2. Nf3 d6 3. d4 cxd4 4. Nxd4 Nf6 5. Nc3 a6 6. Be2 g6
7. Be3 Bg7 8. f4 O-O 9. O-O Nc6 10. Kh1 Bd7 11. Bf3 Rc8 12. g4
Bxg4 13. Rg1 Bxf3+ 14. Qxf3 Nxd4 15. Bxd4 b5 16. Rad1 b4
17. e5 bxc3 18. exf6 Bxf6 19. Bxf6 exf6 20. bxc3 f5 21. Rd4
Re8 22. Rgd1 Qa5 23. Rxd6 Rxc3 24. Qf2 Qc7 25. R1d2 Qb7+
26. Kg1 Rf3 27. Qb6 Qe4 28. Qxa6 Rxf4 0-1

[Event "Manila olm"]
[Site "PHI"]
[Date "1992.??.??"]
[EventDate "1992.??.??"]
[Round "4"]
[Result "1/2-1/2"]
[White "Xu Jun"]
[Black "Jorge Alberto Rubinetti"]
[WhiteElo "2535"]
[BlackElo "2450"]
[PlyCount "63"]

1. d4 d5 2. c4 c6 3. e3 Nf6 4. Nf3 Bf5 5. cxd5 cxd5 6. Qb3 Qc7
7. Nc3 e6 8. Nh4 Be4 9. f3 Bg6 10. Be2 Nc6 11. Bd2 Be7
12. Nxg6 hxg6 13. f4 O-O 14. O-O Rfc8 15. Rfc1 Qd7 16. Qa4 a6
17. a3 b5 18. Qd1 Na5 19. b3 Nb7 20. Bd3 Bd6 21. a4 b4 22. Ne2
a5 23. Rxc8+ Rxc8 24. Rc1 Ne4 25. Rxc8+ Qxc8 26. Qc1 Qxc1+
27. Bxc1 g5 28. g3 g4 29. Kg2 g6 30. Ng1 Kg7 31. h3 gxh3+
32. Nxh3 1/2-1/2

[Event "Manila olm"]
[Site "PHI"]
[Date "1992.??.??"]
[EventDate "1992.??.??"]
[Round "5"]
[Result "0-1"]
[White "Gildardo Garcia"]
[Black "Xu Jun"]
[WhiteElo "2485"]
[BlackElo "2535"]
[PlyCount "80"]

1. e4 c5 2. Nf3 d6 3. d4 cxd4 4. Nxd4 Nf6 5. Nc3 a6 6. Bg5 e6
7. f4 Qc7 8. Qf3 Nc6 9. O-O-O Bd7 10. Be2 Be7 11. Kb1 O-O
12. Qg3 Rac8 13. Bh6 Ne8 14. f5 Nxd4 15. Rxd4 Bf6 16. Rc4 Bc6
17. fxe6 fxe6 18. Bg4 Qe7 19. a4 Be5 20. Qh3 Nc7 21. Bc1 Rce8
22. Be2 Qd7 23. Rd1 b5 24. axb5 axb5 25. Rc5 dxc5 26. Rxd7
Bxd7 27. Qh5 Bd4 28. Nd1 Bc6 29. Bf3 e5 30. c3 Bg1 31. Be3
Bxe3 32. Nxe3 Rf4 33. Nf5 g6 34. Qh6 Ne6 35. Ng3 Rd8 36. Kc1
c4 37. Nf5 Rd7 38. Ne3 Bxe4 39. Ng4 Nc5 40. Nxe5 Nb3# 0-1

[Event "Manila olm"]
[Site "PHI"]
[Date "1992.??.??"]
[EventDate "1992.??.??"]
[Round "6"]
[Result "1/2-1/2"]
[White "Paul Motwani"]
[Black "Xu Jun"]
[WhiteElo "2455"]
[BlackElo "2535"]
[PlyCount "35"]

1. e4 c5 2. c3 d6 3. d4 Nf6 4. Bd3 Nc6 5. d5 Ne5 6. Bc2 g6
7. f4 Ned7 8. Nf3 Nb6 9. O-O Bg7 10. Qe1 O-O 11. Qh4 e6
12. dxe6 Bxe6 13. Nbd2 Ng4 14. Qe1 Nc4 15. Nb3 Re8 16. h3 Nf6
17. Qh4 Nh5 18. Qf2 1/2-1/2

[Event "Manila olm"]
[Site "PHI"]
[Date "1992.??.??"]
[EventDate "1992.??.??"]
[Round "8"]
[Result "0-1"]
[White "Xu Jun"]
[Black "Marc Dutreeuw"]
[WhiteElo "2535"]
[BlackElo "2425"]
[PlyCount "136"]

1. d4 d5 2. c4 e6 3. Nc3 Be7 4. cxd5 exd5 5. Bf4 Nf6 6. e3 Bf5
7. Qb3 Nc6 8. Nf3 O-O 9. Rc1 Nb4 10. Qd1 c5 11. dxc5 Bxc5
12. Be2 Be6 13. O-O Qe7 14. Bg5 Rfd8 15. a3 Nc6 16. Nb5 a6
17. Bxf6 gxf6 18. Nbd4 Nxd4 19. Nxd4 Rac8 20. Qd3 Qd7 21. Rcd1
Bf8 22. Qb1 Bg7 23. Bd3 h6 24. Rd2 Rc5 25. Rfd1 Rdc8 26. h3
Qc7 27. Bf5 Qe5 28. Re2 Rc4 29. Bd3 R4c5 30. Nf5 Qc7 31. Ree1
Bf8 32. Ng3 Bg7 33. Bf5 Qe5 34. Rd4 Rc4 35. Rg4 Kf8 36. Bxe6
fxe6 37. f4 Qc7 38. Qh7 f5 39. Rg6 Qf7 40. Nh5 Bxb2 41. Qxh6+
Ke7 42. Kh2 Kd6 43. Rb1 Bc3 44. Rb3 b5 45. Rxc3 Rxc3 46. Ng7
Kc5 47. Nxe6+ Kc4 48. Rg7 Qe8 49. Qf6 Rc6 50. Re7 Qh5 51. Qd4+
Kb3 52. Qxd5+ Kxa3 53. Nd4 Qg6 54. Ra7 Kb2 55. Nxf5 R6c5
56. Qd2+ Rc2 57. Qd4+ Kb1 58. Ng3 Qc6 59. e4 R5c4 60. Qd1+ Kb2
61. Rd7 a5 62. f5 b4 63. Rd4 b3 64. Rxc4 Qxc4 65. e5 Ka2
66. f6 b2 67. f7 Rf2 68. Qe1 Qc5 0-1

[Event "Manila olm"]
[Site "PHI"]
[Date "1992.??.??"]
[EventDate "1992.??.??"]
[Round "13"]
[Result "1-0"]
[White "Xu Jun"]
[Black "Ennio Arlandi"]
[WhiteElo "2535"]
[BlackElo "2420"]
[PlyCount "71"]

1. d4 d5 2. c4 e6 3. Nc3 Be7 4. cxd5 exd5 5. Bf4 Nf6 6. e3 O-O
7. Nf3 Bf5 8. Qb3 Nc6 9. Rc1 Na5 10. Qa4 b6 11. Be2 c5
12. dxc5 bxc5 13. O-O Qb6 14. Be5 Rfd8 15. Qf4 Qe6 16. Bc7 Nc6
17. Bxd8 Rxd8 18. Rfd1 h6 19. Qa4 Bd6 20. Nb5 Ne4 21. Nxd6
Rxd6 22. Nd2 c4 23. b3 Qe5 24. Nxe4 Bxe4 25. bxc4 Bxg2
26. Kxg2 Qb2 27. Kh3 Rf6 28. Qc2 Qb6 29. Kg2 d4 30. exd4 Nb4
31. Qd2 Rg6+ 32. Kh1 Qe6 33. f3 Qh3 34. Rg1 Re6 35. d5 Re5
36. Rg2 1-0

[Event "Shenzhen it"]
[Site "CHN"]
[Date "1992.??.??"]
[EventDate "1992.??.??"]
[Round "2"]
[Result "1/2-1/2"]
[White "Xu Jun"]
[Black "Arshak B Petrosian"]
[WhiteElo "2540"]
[BlackElo "2460"]
[PlyCount "47"]

1. d4 Nf6 2. c4 e6 3. Nc3 Bb4 4. Qc2 c5 5. dxc5 Qc7 6. a3 Bxc5
7. Nf3 a6 8. Bg5 Be7 9. e3 d6 10. Be2 Nbd7 11. O-O-O b6
12. Nd2 Bb7 13. Rhg1 Rc8 14. g4 d5 15. Bf4 e5 16. Bg3 dxc4
17. Nxc4 b5 18. g5 bxc4 19. gxf6 Bxf6 20. Qa4 Qc6 21. Qb4 Be7
22. Qa5 Bd8 23. Qb4 Be7 24. Qa5 1/2-1/2

[Event "Shenzhen it"]
[Site "CHN"]
[Date "1992.??.??"]
[EventDate "1992.??.??"]
[Round "8"]
[Result "0-1"]
[White "Zili Wang"]
[Black "Xu Jun"]
[WhiteElo "2505"]
[BlackElo "2540"]
[PlyCount "90"]

1. e4 c5 2. Nf3 d6 3. d4 cxd4 4. Nxd4 Nf6 5. Nc3 a6 6. Be3 e6
7. f4 Qc7 8. Qf3 b5 9. Bd3 Bb7 10. O-O Nbd7 11. Nd1 g6 12. Nf2
Bg7 13. Rac1 e5 14. Nb3 d5 15. f5 O-O 16. g4 dxe4 17. Nxe4
Nxe4 18. Bxe4 Bxe4 19. Qxe4 Nf6 20. Qf3 e4 21. Qe2 Qc4
22. Rce1 Qxe2 23. Rxe2 Nxg4 24. Bd4 Bxd4+ 25. Nxd4 Rae8 26. f6
Ne5 27. Nb3 Nd7 28. Rd2 Nb6 29. Nc5 e3 30. Re2 a5 31. Rf3 Re5
32. Nb7 Nd5 33. Nxa5 Rc8 34. a3 h5 35. c3 g5 36. h3 Kh7
37. Nb7 Kg6 38. Nd6 Rc6 39. Nxb5 Nf4 40. Rxf4 gxf4 41. Nd4
Rxf6 42. Kg2 Rg5+ 43. Kf1 Rg3 44. h4 Rh3 45. a4 Rxh4 0-1

[Event "Shenzhen it"]
[Site "CHN"]
[Date "1992.??.??"]
[EventDate "1992.??.??"]
[Round "11"]
[Result "1/2-1/2"]
[White "Xu Jun"]
[Black "Liang Jinrong"]
[WhiteElo "2540"]
[BlackElo "2480"]
[PlyCount "21"]

1. d4 d5 2. c4 e6 3. Nc3 Nf6 4. Bg5 Be7 5. e3 h6 6. Bh4 O-O
7. Nf3 b6 8. Bxf6 Bxf6 9. cxd5 exd5 10. b4 c6 11. Be2 1/2-1/2

[Event "Beijing ST Lee cup"]
[Site "CHN"]
[Date "1993.??.??"]
[EventDate "1993.??.??"]
[Round "1"]
[Result "1/2-1/2"]
[White "Li Wenliang"]
[Black "Xu Jun"]
[WhiteElo "2330"]
[BlackElo "2535"]
[PlyCount "33"]

1. d4 d5 2. c4 c6 3. Nc3 Nf6 4. e3 a6 5. Nf3 b5 6. b3 Bg4
7. Be2 e6 8. O-O Nbd7 9. h3 Bf5 10. Bb2 Bd6 11. Nh4 O-O
12. Nxf5 exf5 13. a3 f4 14. cxd5 cxd5 15. exf4 Bxf4 16. Bf3
Nb6 17. Qd3 1/2-1/2

[Event "Beijing ST Lee cup"]
[Site "CHN"]
[Date "1993.??.??"]
[EventDate "1993.??.??"]
[Round "3"]
[Result "0-1"]
[White "Matthias Wahls"]
[Black "Xu Jun"]
[WhiteElo "2480"]
[BlackElo "2535"]
[PlyCount "76"]

1. e4 c5 2. f4 d6 3. Nf3 Nc6 4. Nc3 Nf6 5. d3 g6 6. h3 Bg7
7. g4 Rb8 8. a4 a6 9. Bg2 O-O 10. O-O b5 11. axb5 axb5 12. Be3
b4 13. Ne2 Nd7 14. Rb1 Ra8 15. Qd2 Bb7 16. b3 Na7 17. f5 Nc6
18. Bh6 Nde5 19. Kh1 Nxf3 20. Rxf3 Ne5 21. Rf2 Ra2 22. Bxg7
Kxg7 23. Nf4 Qa8 24. g5 Ra1 25. Rxa1 Qxa1+ 26. Rf1 Qb2 27. Qf2
Kg8 28. Qh4 Nd7 29. Qg4 Bc6 30. Qe2 Ra8 31. e5 Nxe5 32. fxg6
hxg6 33. Bxc6 Nxc6 34. Nxg6 Ra1 35. Nf4 Nd4 36. Qg2 Rxf1+
37. Qxf1 Nxc2 38. Qg2 Qc1+ 0-1

[Event "Beijing ST Lee cup"]
[Site "CHN"]
[Date "1993.??.??"]
[EventDate "1993.??.??"]
[Round "4"]
[Result "0-1"]
[White "Qi Jingxuan"]
[Black "Xu Jun"]
[WhiteElo "2450"]
[BlackElo "2535"]
[PlyCount "117"]

1. e4 c5 2. Nf3 d6 3. Nc3 a6 4. g3 b5 5. d4 cxd4 6. Nxd4 Nf6
7. Bg2 e5 8. Nf5 h6 9. Ne3 Nbd7 10. O-O Nb6 11. b3 Be7 12. Bb2
b4 13. Ncd5 Nbxd5 14. Nxd5 Nxd5 15. Qxd5 Be6 16. Qd2 a5 17. f4
f6 18. c4 bxc3 19. Bxc3 O-O 20. b4 Qb6+ 21. Kh1 a4 22. a3 Rfc8
23. Rac1 Rc7 24. Bb2 Rac8 25. Rxc7 Rxc7 26. h3 Bb3 27. Rc1
Rxc1+ 28. Bxc1 Qc6 29. Bb2 Qc4 30. Kg1 Kh8 31. Qc3 Qe6 32. Bc1
Bd8 33. fxe5 fxe5 34. Bf3 Bb6+ 35. Be3 Qc4 36. Qe1 Bd4
37. Bxd4 exd4 38. e5 d3 39. exd6 Qd4+ 40. Kg2 Qxd6 41. Qe8+
Kh7 42. Qe4+ g6 43. Qb7+ Kg8 44. Qc8+ Kf7 45. Qh8 d2 46. Qh7+
Ke8 47. Qh8+ Ke7 48. Qg7+ Bf7 49. Qa1 Bd5 50. Qd1 Bb3 51. Qe2+
Kd8 52. Qb5 d1=Q 53. Bxd1 Bxd1 54. Qa5+ Ke8 55. Qa8+ Kf7
56. Qa7+ Qe7 57. Qf2+ Kg8 58. Qd2 Bb3 59. Kf2 0-1

[Event "Beijing ST Lee cup"]
[Site "CHN"]
[Date "1993.??.??"]
[EventDate "1993.??.??"]
[Round "6"]
[Result "1-0"]
[White "Xu Jun"]
[Black "Liu Wenzhe"]
[WhiteElo "2535"]
[BlackElo "2390"]
[PlyCount "57"]

1. d4 Nf6 2. c4 c5 3. d5 e6 4. Nc3 exd5 5. cxd5 d6 6. e4 g6
7. Bd3 Bg7 8. h3 O-O 9. Nf3 Na6 10. O-O Nc7 11. Re1 Rb8
12. Bf1 b5 13. e5 dxe5 14. Nxe5 Bd7 15. Bg5 h6 16. Bh4 g5
17. Bg3 b4 18. Na4 Be8 19. Nc6 Bxc6 20. dxc6 Rc8 21. Nxc5 Ncd5
22. Nd7 Rxc6 23. Nxf8 Qxf8 24. Qf3 Re6 25. Bc4 Qc5 26. Bb3 h5
27. Rec1 Qd4 28. Rd1 Qxb2 29. Rab1 1-0

[Event "Beijing ST Lee cup"]
[Site "CHN"]
[Date "1993.??.??"]
[EventDate "1993.??.??"]
[Round "7"]
[Result "1-0"]
[White "Zili Wang"]
[Black "Xu Jun"]
[WhiteElo "2515"]
[BlackElo "2535"]
[PlyCount "71"]

1. e4 c5 2. Nf3 d6 3. d4 cxd4 4. Nxd4 Nf6 5. Nc3 a6 6. Be3 Ng4
7. Bg5 h6 8. Bh4 g5 9. Bg3 Bg7 10. Qd2 Nc6 11. Nb3 Be6 12. f3
Nge5 13. Nd5 b5 14. Bf2 Rb8 15. Nd4 Nxd4 16. Bxd4 Bxd5
17. exd5 Qc7 18. a3 Rc8 19. Bc3 Rg8 20. a4 b4 21. Bxb4 Nc4
22. Bxc4 Qxc4 23. c3 g4 24. fxg4 Be5 25. Qe2 Qxd5 26. Qxa6 Qe6
27. O-O Qxg4 28. Qb5+ Kf8 29. Qd5 Qh5 30. g3 Rg4 31. Rf2 Kg7
32. Rff1 f6 33. a5 Rc7 34. a6 Qe8 35. a7 Rxa7 36. Rxa7 1-0

[Event "Beijing ST Lee cup"]
[Site "CHN"]
[Date "1993.??.??"]
[EventDate "1993.??.??"]
[Round "10"]
[Result "1-0"]
[White "Xu Jun"]
[Black "John M Emms"]
[WhiteElo "2535"]
[BlackElo "2455"]
[PlyCount "52"]

1. d4 Nf6 2. c4 e6 3. Nc3 Bb4 4. Qc2 O-O 5. a3 Bxc3+ 6. Qxc3
b6 7. Bg5 Bb7 8. Nh3 h6 9. Bh4 d5 10. cxd5 exd5 11. e3 c5
12. dxc5 d4 13. Qd3 g5 14. Nxg5 hxg5 15. Bxg5 Nbd7 16. c6 Bxc6
17. Qxd4 Qe7 18. Qh4 Qe5 19. Bd3 Rfe8 20. Rd1 Ne4 21. Bf4 Qg7
22. g3 Qxb2 23. Rf1 Ba4 24. Bxe4 Rxe4 25. Rd2 Qg7 26. f3 Ree8
1-0

[Event "Lucerne WchT"]
[Site "SUI"]
[Date "1993.10.29"]
[EventDate "1993.10.23"]
[Round "6.1"]
[Result "1/2-1/2"]
[White "Jesus Nogueiras"]
[Black "Xu Jun"]
[WhiteElo "2580"]
[BlackElo "2535"]
[PlyCount "46"]

1. Nf3 c5 2. c4 Nc6 3. Nc3 Nd4 4. Ng1 e6 5. g3 Nf6 6. Bg2 d5
7. cxd5 exd5 8. e3 Qe7 9. Nge2 Nxe2 10. Qxe2 d4 11. exd4 cxd4
12. Nb5 Qxe2+ 13. Kxe2 d3+ 14. Kxd3 Bf5+ 15. Ke2 O-O-O 16. d4
a6 17. Nc3 Rxd4 18. Be3 Rd8 19. Rhd1 Bb4 20. Rac1 Kb8 21. Bf4+
Ka7 22. Be3+ Kb8 23. Bf4+ Ka7 1/2-1/2

[Event "Lucerne WchT"]
[Site "SUI"]
[Date "1993.10.30"]
[EventDate "1993.10.23"]
[Round "7.1"]
[Result "1/2-1/2"]
[White "Xu Jun"]
[Black "Johann Hjartarson"]
[WhiteElo "2535"]
[BlackElo "2605"]
[PlyCount "117"]

1. c4 Nf6 2. Nc3 e5 3. Nf3 Nc6 4. e3 Bb4 5. Qc2 Bxc3 6. Qxc3
Qe7 7. a3 d5 8. cxd5 Nxd5 9. Qb3 Nb6 10. d3 a5 11. Bd2 a4
12. Qb5 Bd7 13. Rc1 f6 14. Qc5 Qxc5 15. Rxc5 O-O-O 16. h3 Bf5
17. e4 Be6 18. Be2 g5 19. Be3 h5 20. g3 Kb8 21. Kf1 Nc8
22. Kg2 N8a7 23. Rhc1 Rh7 24. Bd1 Rxd3 25. Bc2 Rd8 26. Bxa4 g4
27. hxg4 hxg4 28. Nh4 Nd4 29. Rd1 b6 30. Rcc1 c5 31. Rd2 Bc8
32. Bd1 Bb7 33. Bxg4 Bxe4+ 34. f3 Bd5 35. Bxd4 cxd4 36. Bf5
Rc7 37. Rxc7 Kxc7 38. Bd3 Nc8 39. Rc2+ Kb8 40. Nf5 Bb7 41. g4
Nd6 42. Nxd6 Rxd6 43. Kg3 Rc6 44. Rh2 Rc1 45. Rh8+ Kc7
46. Rh7+ Kb8 47. Rf7 Rd1 48. Bc4 d3 49. Rd7 Rg1+ 50. Kf2 Rb1
51. b4 Rb2+ 52. Ke3 Re2+ 53. Kxd3 Bxf3 54. Rd6 Kc7 55. Rxf6
Bxg4 56. b5 Rh2 57. Rc6+ Kb7 58. Bd5 Rh3+ 59. Kd2 1/2-1/2

[Event "Jakarta, Cat.10"]
[Site "Jakarta, Cat.10"]
[Date "1994.??.??"]
[EventDate "?"]
[Round "05"]
[Result "1/2-1/2"]
[White "Xu Jun"]
[Black "Vladislav Tkachiev"]
[WhiteElo "2550"]
[BlackElo "2510"]
[PlyCount "111"]

1.d4 Nf6 2.c4 g6 3.g3 Bg7 4.Bg2 O-O 5.Nc3 d6 6.Nf3 Nbd7 7.O-O
e5 8.h3 c6 9.e4 Qb6 10.c5 dxc5 11.dxe5 Ne8 12.Na4 Qb5 13.Bg5
Nc7 14.Be7 Re8 15.Bd6 Ne6 16.Rc1 b6 17.Re1 Ba6 18.a3 Qd3
19.Qxd3 Bxd3 20.b4 cxb4 21.axb4 a5 22.bxa5 Rxa5 23.Nb2 Bb5
24.Nc4 Bxc4 25.Rxc4 Rc8 26.Rb1 c5 27.Bf1 b5 28.Rc2 c4 29.h4
Ndc5 30.Re1 Ra3 31.Ng5 Nd4 32.Rd2 Ndb3 33.Rd5 Bf8 34.Bh3 Rca8
35.Re3 h6 36.Nf3 b4 37.Bf1 c3 38.Ne1 Ra2 39.Bc4 Ra1 40.Kg2 Rc8
41.Nc2 Ra4 42.Bb5 Ra5 43.Be2 Ra4 44.Bb5 Ra5 45.Be2 Nxe4
46.Rxa5 Nxd6 47.exd6 Nxa5 48.d7 Rd8 49.Nxb4 Rxd7 50.Na2 c2
51.Rc3 Rd2 52.Bd3 Bg7 53.Rc8+ Kh7 54.Bxc2 Bd4 55.h5 Rxf2+
56.Kh3 1/2-1/2

[Event "Jakarta, Cat.10"]
[Site "Jakarta, Cat.10"]
[Date "1994.??.??"]
[EventDate "?"]
[Round "07"]
[Result "1-0"]
[White "Xu Jun"]
[Black "Rogelio Antonio Jr"]
[WhiteElo "2550"]
[BlackElo "2505"]
[PlyCount "105"]

1.d4 Nf6 2.c4 e6 3.Nc3 Bb4 4.Qc2 O-O 5.a3 Bxc3+ 6.Qxc3 b6
7.Bg5 h6 8.Bh4 c5 9.e3 Bb7 10.dxc5 bxc5 11.f3 d6 12.O-O-O Nc6
13.Nh3 Qe7 14.Bxf6 gxf6 15.Nf4 Ne5 16.Nh5 Kh8 17.e4 Rg8 18.Qd2
Rg5 19.Ng3 Rg6 20.Qxd6 Qxd6 21.Rxd6 Rb8 22.Nh5 Nc6 23.Nf4 Rgg8
24.Nd3 Ba8 25.Nxc5 Rbc8 26.Kc2 a5 27.Kc3 Rg5 28.Na4 Ne7 29.Rd2
Bc6 30.Nb6 Rb8 31.Nd7 Rb7 32.Nxf6 a4 33.h4 Rb3+ 34.Kc2 Rc5
35.f4 Rb8 36.e5 Rc8 37.Kb1 Bb7 38.Rd7 R8c7 39.Rxc7 Rxc7 40.Bd3
Rc8 41.Rg1 Nc6 42.g4 Nd4 43.g5 Nf3 44.Rg3 Nd2+ 45.Ka2 hxg5
46.Rxg5 Bf3 47.b4 axb3+ 48.Kb2 Bd1 49.a4 Rd8 50.a5 Bf3 51.a6
Bd1 52.a7 Bf3 53.c5 1-0

[Event "Jakarta, Cat.10"]
[Site "Jakarta, Cat.10"]
[Date "1994.??.??"]
[EventDate "?"]
[Round "08"]
[Result "1/2-1/2"]
[White "Grigory Serper"]
[Black "Xu Jun"]
[WhiteElo "2560"]
[BlackElo "2550"]
[PlyCount "99"]

1.c4 e5 2.g3 c6 3.d4 exd4 4.Qxd4 d5 5.Bg2 Nf6 6.Nf3 Be6 7.Ng5
Nbd7 8.Nxe6 fxe6 9.Qe3 Bb4+ 10.Bd2 Qe7 11.O-O Bc5 12.Qb3 Nb6
13.cxd5 exd5 14.Nc3 d4 15.Na4 Nxa4 16.Qxa4 O-O 17.Qc4+ Kh8
18.Rac1 Nd7 19.Bh3 Bb6 20.Bb4 c5 21.Ba3 Rfe8 22.Bxd7 Qxd7
23.Bxc5 Bxc5 24.Qxc5 Rxe2 25.Qc7 Qxc7 26.Rxc7 Rxb2 27.Rd1 Rf8
28.Rxd4 h5 29.Rf4 Rxf4 30.gxf4 h4 31.Kg2 a5 32.a4 Rb3 33.f3
Rb4 34.f5 Kg8 35.Re7 Kf8 36.Rc7 b6 37.Rb7 Ke8 38.Kf2 Rb2+
39.Ke3 Rxh2 40.Rxg7 Ra2 41.Kf4 Rxa4+ 42.Ke5 Rc4 43.f6 Rc3
44.f4 h3 45.Rh7 a4 46.Ke6 Re3+ 47.Kf5 a3 48.Rh8+ Kf7 49.Rh7+
Kf8 50.Rh8+ 1/2-1/2

[Event "Jakarta, Cat.10"]
[Site "Jakarta, Cat.10"]
[Date "1994.??.??"]
[EventDate "?"]
[Round "11"]
[Result "0-1"]
[White "Salor Sitanggang"]
[Black "Xu Jun"]
[WhiteElo "2390"]
[BlackElo "2550"]
[PlyCount "112"]

1.d4 Nf6 2.Nf3 c6 3.c4 d6 4.Nc3 Nbd7 5.e4 e5 6.Be2 Be7 7.O-O
O-O 8.Re1 a6 9.d5 Nc5 10.Nd2 a5 11.Rb1 Bd7 12.b3 cxd5 13.cxd5
Ne8 14.Na4 Na6 15.Nf1 b5 16.Nc3 Nec7 17.Ne3 Nc5 18.Bf3 b4
19.Ne2 Bb5 20.Nc4 Bxc4 21.bxc4 Bg5 22.Bb2 N7a6 23.g3 Qd7 24.h4
Bh6 25.g4 f6 26.Ng3 g6 27.Kg2 Na4 28.g5 Nxb2 29.Rxb2 fxg5
30.Bg4 Qe7 31.h5 Nc5 32.Rh1 Bg7 33.hxg6 hxg6 34.f3 Rf4 35.Rh3
Raf8 36.Re2 Rxg4 37.fxg4 Rf4 38.Re3 Qd7 39.Rh1 Rxg4 40.a3 bxa3
41.Qb1 Rf4 42.Rxa3 a4 43.Rf3 g4 44.Qb8+ Bf8 45.Rff1 Qf7 46.Qc8
Nd7 47.c5 Nxc5 48.Ne2 Nd7 49.Qa6 Rf3 50.Qxa4 Nc5 51.Qb4 Nd3
52.Qb6 g5 53.Qg1 Kg7 54.Qb6 Kg6 55.Ng3 Nf4+ 56.Kh2 Qh7+ 0-1

[Event "Jakarta, Cat.10"]
[Site "Jakarta, Cat.10"]
[Date "1994.??.??"]
[EventDate "?"]
[Round "12"]
[Result "1-0"]
[White "Xu Jun"]
[Black "Dede Liu"]
[WhiteElo "2550"]
[BlackElo "2320"]
[PlyCount "81"]

1.c4 Nf6 2.Nc3 e5 3.Nf3 Nc6 4.e3 d5 5.cxd5 Nxd5 6.Bb5 Nxc3
7.bxc3 Bd6 8.d4 e4 9.Nd2 Qg5 10.Bf1 Qg6 11.Qc2 Bf5 12.Rb1 Rb8
13.Rb5 O-O 14.Rxf5 Qxf5 15.Nxe4 Qg6 16.f3 f5 17.Nxd6 cxd6
18.Bd3 Qf6 19.O-O b5 20.Bd2 Kh8 21.Rb1 a6 22.a4 Na7 23.axb5
axb5 24.Qa2 Qf7 25.Qa3 Rfd8 26.e4 fxe4 27.fxe4 Rf8 28.Be3 Qd7
29.d5 Rf7 30.c4 Kg8 31.cxb5 Nc8 32.b6 Qd8 33.Qa5 Rfb7 34.Ba6
Rxb6 35.Rb3 Qc7 36.Bxc8 Qc2 37.Be6+ Kh8 38.Rxb6 Qd1+ 39.Kf2
Rf8+ 40.Kg3 Qh5 41.Bf5 1-0

[Event "Jakarta, Cat.10"]
[Site "Jakarta, Cat.10"]
[Date "1994.??.??"]
[EventDate "?"]
[Round "13"]
[Result "1/2-1/2"]
[White "Edhi Handoko"]
[Black "Xu Jun"]
[WhiteElo "2490"]
[BlackElo "2550"]
[PlyCount "46"]

1.e4 c5 2.c3 e6 3.d4 d5 4.exd5 exd5 5.Nf3 Nc6 6.Bd3 c4 7.Bc2
Bd6 8.b3 cxb3 9.axb3 Nge7 10.O-O O-O 11.Bg5 f6 12.Bh4 Nf5
13.Bg3 Nxg3 14.hxg3 Bg4 15.Qd3 f5 16.Re1 g6 17.Nh2 Bh5 18.Nd2
Qd7 19.Ndf3 Rae8 20.b4 f4 21.g4 Bxg4 22.Nxg4 Qxg4 23.Qb5 Ne7
1/2-1/2